Ricostruisci la Carriera del Calciatore - Daichi Kamada - Statistics

Statistiche generali
  • Questo quiz è stato fatto 7 volte
  • Il punteggio medio è 4 su 6
Statistiche sulle risposte
Hint Risposta % Corretto
2015-2017 Sagan Tosu
100%
2019-2023 Eintracht Francoforte
83%
2023- Lazio
83%
2015 J. League U-22
67%
2018-2019 Sint-Truiden
67%
2017-2018 Eintracht Francoforte
17%
Nessun quiz corrispondente trovato
Distribuzione punteggi
Percentuale di utenti per punteggio
Percentile per numero di risposta
I tuoi punteggi nel tempo
Non hai fatto questo quiz